000 00345nam a2200097Ia 4500
008 241105s9999 xx 000 0 und d
041 _aeng
100 _aAdhav Chaitrali
_9181634
245 _aOffsetting Carbon: Creating Carbon Positive Landscape Design For Public Park At Manas Lake Pune
260 _bBNCA-M Arch Landscape Architecture
_aPune
_c2023
999 _c362070
_d362070